Právna zodpovednosť členov predstavenstva akciovej spoločnosti

Obchodnoprávna zodpovednosť členov predstavenstva za spôsobenú škodu. Aké povinnosti musí člen predstavenstva dodržať. Kto môže vymáhať nárok na náhradu škody spôsobenej spoločnosti.

Saved in:
Bibliographic Details
Main Author: Kosnáčová, Lenka
Format: Book Chapter
Language:Slovak
Subjects:
Tags: Add Tag
No Tags, Be the first to tag this record!

MARC

LEADER 00000naa a2200000 4500
001 0141364
005 20231103073014.7
041 0 |a slo 
044 |a SK 
245 1 0 |a Právna zodpovednosť členov predstavenstva akciovej spoločnosti  |c Lenka Kosnáčová 
520 |a Obchodnoprávna zodpovednosť členov predstavenstva za spôsobenú škodu. Aké povinnosti musí člen predstavenstva dodržať. Kto môže vymáhať nárok na náhradu škody spôsobenej spoločnosti. 
610 2 0 |a spoločnosti akciové 
610 2 0 |a predstavenstvo 
610 2 0 |a zodpovednosť právna 
610 2 0 |a právo obchodné 
610 2 0 |a škody 
610 2 0 |a náhrada škody 
100 1 |a Kosnáčová, Lenka